[Event "SLO-chT Central 1st League 20th"]
[Site "Slovenia"]
[Date "2019.10.24"]
[Round "7.3"]
[White "Arcon, Roman"]
[Black "Lazarevic, Djordje"]
[Result "1/2-1/2"]
[WhiteElo "1583"]
[BlackElo "1725"]
[PlyCount "65"]
[EventDate "2019.09.12"]
[EventType "team-tourn"]
[EventRounds "9"]
[EventCountry "SLO"]
[SourceTitle "EXT 2024"]
[Source "ChessBase"]
[SourceDate "2023.10.10"]
[SourceVersion "1"]
[SourceVersionDate "2023.10.10"]
[SourceQuality "1"]
[WhiteTeam "Medvode"]
[BlackTeam "Zelenci LPP"]
[WhiteTeamCountry "SLO"]
[BlackTeamCountry "SLO"]

1. e4 d6 2. d4 Nf6 3. Nc3 g6 4. Bg5 Bg7 5. f4 0-0 6. Nf3 Bg4 7. Be2 c5 8. d5 Nbd7 9. h3 Bxf3 10. Bxf3 a6 11. h4 h6 12. Bxf6 Nxf6 13. g4 b5 14. Ne2 Qa5+ 15. Kf2 Qb4 16. e5 Nd7 17. e6 Nb6 18. Rb1 Nc4 19. c3 Qa5 20. Qd3 Qxa2 21. exf7+ Rxf7 22. Qxg6 Nd2 23. Kg2 Nxb1 24. Rxb1 Qc4 25. g5 hxg5 26. hxg5 Rxf4 27. Nxf4 Qxf4 28. Re1 Rf8 29. Qh5 Rf5 30. Qe8+ Bf8 31. Qg6+ Bg7 32. Qe8+ Rf8 33. Qh5 1/2-1/2

[Event "Ljubljana-chT 70th 1st League"]
[Site "Ljubljana"]
[Date "2017.01.12"]
[Round "1.2"]
[White "Lazarevic, Djordje"]
[Black "Colic, Drago"]
[Result "1-0"]
[WhiteElo "1725"]
[BlackElo "1621"]
[PlyCount "110"]
[EventDate "2017.01.12"]
[EventType "team-swiss"]
[EventRounds "9"]
[EventCountry "SLO"]
[SourceTitle "EXT 2022"]
[Source "ChessBase"]
[SourceDate "2021.10.06"]
[SourceVersion "1"]
[SourceVersionDate "2021.10.06"]
[SourceQuality "1"]
[WhiteTeam "Zelenci LPP"]
[BlackTeam "Ljubljana Energetica Te Tol"]
[WhiteTeamCountry "SLO"]
[BlackTeamCountry "SLO"]

1. e4 e5 2. Nf3 d6 3. d4 Bg4 4. Be2 Bxf3 5. Bxf3 Nc6 6. c3 Qd7 7. Be3 Nf6 8. Nd2 Be7 9. b4 a6 10. a4 0-0 11. 0-0 b5 12. g3 exd4 13. Bxd4 Nxd4 14. cxd4 c6 15. Re1 h6 16. Nb3 d5 17. exd5 cxd5 18. Nc5 Qd6 19. Qd3 Rfe8 20. axb5 axb5 21. Rxa8 Rxa8 22. Qxb5 Rb8 23. Qa4 Ne4 24. Bxe4 dxe4 25. Rxe4 Bf6 26. Re8+ Kh7 27. Rxb8 Qxb8 28. Nd7 Qd6 29. Nxf6+ Qxf6 30. Qc2+ g6 31. Qe4 Qd6 32. b5 f5 33. Qe5 Qb4 34. Qc7+ Kg8 35. Qc6 Kf7 36. b6 Qxd4 37. b7 Qd8 38. h4 h5 39. Kg2 f4 40. Qf3 Kg7 41. Qxf4 Qd5+ 42. Qf3 Qd8 43. Qc6 Kh6 44. Qf3 Kg7 45. Kh2 Qb6 46. Kg2 Qd8 47. Qc6 Kh6 48. Qb5 Qb8 49. Qb4 Kh7 50. f3 Qe5 51. b8Q Qe2+ 52. Kg1 Qe3+ 53. Kf1 Qxf3+ 54. Ke1 Qe3+ 55. Kd1 Qd3+ 1-0

[Event "SLO-chT Central 1st League 14th"]
[Site "Slovenia"]
[Date "2013.09.19"]
[Round "1.2"]
[White "Kejzar, Petra"]
[Black "Lazarevic, Djordje"]
[Result "1-0"]
[WhiteElo "1811"]
[BlackElo "1859"]
[PlyCount "121"]
[EventDate "2013.09.19"]
[EventType "team-swiss"]
[EventRounds "9"]
[EventCountry "SLO"]
[SourceTitle "EXT 2022"]
[Source "ChessBase"]
[SourceDate "2021.10.06"]
[SourceVersion "1"]
[SourceVersionDate "2021.10.06"]
[SourceQuality "1"]

1. e4 e6 2. d4 d5 3. Nd2 c5 4. Ngf3 Qb6 5. c3 Nc6 6. exd5 exd5 7. Qe2+ Be7 8. dxc5 Qxc5 9. Nb3 Qd6 10. Be3 b6 11. Qc2 Nf6 12. Rd1 Qc7 13. Be2 h6 14. Nfd4 0-0 15. h3 Nxd4 16. Bxd4 Re8 17. 0-0 Qf4 18. Be3 Qh4 19. Rd4 Ne4 20. Rxd5 Bb7 21. Rh5 Qf6 22. Nd4 Bf8 23. Rf5 Qe7 24. Bf4 Nf6 25. Re5 Qd7 26. Bb5 Qc7 27. Bxe8 Nxe8 28. Rxe8 Qxf4 29. Rxa8 Bxa8 30. Re1 Qg5 31. g3 g6 32. Qe2 Qd5 33. f3 Bd6 34. g4 Bc5 35. Qe8+ Kg7 36. Qe5+ Kg8 37. Qxd5 Bxd5 38. Kg2 a5 39. b3 Ba3 40. c4 Bb7 41. Nb5 Bc5 42. Nc3 Bb4 43. Re8+ Kg7 44. Na4 Bc6 45. Rb8 Bxa4 46. bxa4 Bc5 47. Re8 g5 48. Kf1 Kf6 49. Ke2 Kg6 50. Kd3 Bf2 51. Ke4 Bc5 52. Rc8 Bf2 53. Rc6+ f6 54. Kd5 Be3 55. Kd6 h5 56. Kc7 hxg4 57. hxg4 Bd4 58. Rxb6 Bxb6+ 59. Kxb6 f5 60. c5 Kf6 61. c6 1-0

[Event "Ljubljana-chT 66th 1st League"]
[Site "Ljubljana"]
[Date "2013.03.21"]
[Round "9.3"]
[White "Lazarevic, Djordje"]
[Black "Cizman, Gregor"]
[Result "1-0"]
[WhiteElo "1851"]
[BlackElo "1771"]
[PlyCount "39"]
[EventDate "2013.01.10"]
[EventType "team-tourn"]
[EventRounds "9"]
[EventCountry "SLO"]
[SourceTitle "EXT 2022"]
[Source "ChessBase"]
[SourceDate "2021.10.06"]
[SourceVersion "1"]
[SourceVersionDate "2021.10.06"]
[SourceQuality "1"]
[WhiteTeam "Zelenci LPP"]
[BlackTeam "Ljubljana Karel Jeraj"]
[WhiteTeamCountry "SLO"]
[BlackTeamCountry "SLO"]

1. e4 c6 2. d4 d5 3. e5 Bf5 4. Bd3 Bxd3 5. Qxd3 e6 6. Ne2 a6 7. 0-0 Ne7 8. Ng3 Nd7 9. c3 c5 10. Be3 Rc8 11. Nd2 Nc6 12. a3 Be7 13. f4 g6 14. Nf3 cxd4 15. cxd4 0-0 16. b4 b5 17. Rac1 Nb6 18. f5 Nc4 19. f6 Nxe3 20. fxe7 1-0

[Event "Ljubljana-chT 66th 1st League"]
[Site "Ljubljana"]
[Date "2013.01.24"]
[Round "3.3"]
[White "Lazarevic, Djordje"]
[Black "Pecnik, Primoz"]
[Result "1/2-1/2"]
[WhiteElo "1851"]
[BlackElo "1846"]
[PlyCount "67"]
[EventDate "2013.01.10"]
[EventType "team-tourn"]
[EventRounds "9"]
[EventCountry "SLO"]
[SourceTitle "EXT 2022"]
[Source "ChessBase"]
[SourceDate "2021.10.06"]
[SourceVersion "1"]
[SourceVersionDate "2021.10.06"]
[SourceQuality "1"]
[WhiteTeam "Zelenci LPP"]
[BlackTeam "Klinicni Center II"]
[WhiteTeamCountry "SLO"]
[BlackTeamCountry "SLO"]

1. e4 d5 2. exd5 Nf6 3. d4 Qxd5 4. Nc3 Qd8 5. Nf3 c6 6. Bg5 Nbd7 7. d5 cxd5 8. Nxd5 Qa5+ 9. Nc3 e6 10. Bd3 Be7 11. 0-0 0-0 12. Re1 Bb4 13. Bd2 a6 14. a3 Be7 15. Ne4 Qc7 16. Bc3 b5 17. Qd2 Bb7 18. Ba5 Qc8 19. Rad1 Nc5 20. Nxf6+ Bxf6 21. Ne5 Nxd3 22. Qxd3 Bd5 23. b3 Bxe5 24. Rxe5 Qc6 25. Rh5 Be4 26. Qe3 Rac8 27. c3 Bxg2 28. Rg5 Bd5 29. Rxg7+ Kxg7 30. Qg5+ Kh8 31. Qf6+ Kg8 32. Qg5+ Kh8 33. Qf6+ Kg8 34. Qg5+ 1/2-1/2

[Event "Ljubljana-chT 64th 2nd League"]
[Site "Ljubljana"]
[Date "2011.02.19"]
[Round "5.3"]
[White "Jarc, Zan"]
[Black "Lazarevic, Djordje"]
[Result "0-1"]
[WhiteElo "1525"]
[BlackElo "1723"]
[PlyCount "62"]
[EventDate "2011.01.13"]
[EventType "team-tourn"]
[EventRounds "9"]
[EventCountry "SLO"]
[SourceTitle "EXT 2022"]
[Source "ChessBase"]
[SourceDate "2021.10.06"]
[SourceVersion "1"]
[SourceVersionDate "2021.10.06"]
[SourceQuality "1"]

1. e4 d6 2. d4 Nf6 3. Nc3 g6 4. Nf3 Bg7 5. Be2 0-0 6. 0-0 Nc6 7. Be3 e5 8. d5 Ne7 9. Na4 Nxe4 10. Bd3 f5 11. Bxe4 fxe4 12. Ng5 Bf5 13. Nc3 Qd7 14. Ngxe4 Bxe4 15. Nxe4 h6 16. f4 exf4 17. Rxf4 Rxf4 18. Bxf4 Qf5 19. Qf3 Nxd5 20. Ng3 Qf7 21. Ne2 Nxf4 22. Nxf4 c6 23. Rf1 Rf8 24. Qd3 g5 25. Qxd6 gxf4 26. Re1 f3 27. Re7 f2+ 28. Kf1 Qc4+ 29. Re2 Re8 30. Kxf2 Qxe2+ 31. Kg3 Be5+ 0-1

[Event "SLO-chT Central 1st League 11th"]
[Site "Slovenia"]
[Date "2010.10.21"]
[Round "6.3"]
[White "Lazarevic, Djordje"]
[Black "Trcek, Zdenko"]
[Result "1-0"]
[WhiteElo "1645"]
[BlackElo "1877"]
[PlyCount "69"]
[EventDate "2010.09.09"]
[EventType "team-tourn"]
[EventRounds "9"]
[EventCountry "SLO"]
[SourceTitle "EXT 2022"]
[Source "ChessBase"]
[SourceDate "2021.10.06"]
[SourceVersion "1"]
[SourceVersionDate "2021.10.06"]
[SourceQuality "1"]
[WhiteTeam "Zelenci LPP"]
[BlackTeam "Vrhnika II"]
[WhiteTeamCountry "SLO"]
[BlackTeamCountry "SLO"]

1. e4 c5 2. Nf3 Nc6 3. d4 cxd4 4. Nxd4 Nf6 5. Nc3 Qa5 6. Nb3 Qd8 7. f3 e6 8. Bc4 Bb4 9. Bg5 h6 10. Bh4 Bxc3+ 11. bxc3 Ne5 12. Qd4 Nxc4 13. Qxc4 g5 14. Bg3 d5 15. exd5 Qxd5 16. Qd4 Qxd4 17. cxd4 Nd5 18. Kd2 b5 19. Nc5 a5 20. a3 0-0 21. c3 Rd8 22. h4 Bd7 23. hxg5 hxg5 24. Rh5 f6 25. Rah1 Bc6 26. Nxe6 Re8 27. Nc5 b4 28. c4 Ne3 29. Kd3 Nxg2 30. d5 Re3+ 31. Kd2 Be8 32. Rh8+ Kf7 33. Ne6 Rxf3 34. R1h6 Bc6 35. R8h7+ 1-0

[Event "SLO-chT Central 1st League 11th"]
[Site "Slovenia"]
[Date "2010.09.30"]
[Round "3.4"]
[White "Lazarevic, Djordje"]
[Black "Plevel, Peter"]
[Result "1/2-1/2"]
[WhiteElo "1645"]
[BlackElo "1634"]
[PlyCount "79"]
[EventDate "2010.09.09"]
[EventType "team-tourn"]
[EventRounds "9"]
[EventCountry "SLO"]
[SourceTitle "EXT 2022"]
[Source "ChessBase"]
[SourceDate "2021.10.06"]
[SourceVersion "1"]
[SourceVersionDate "2021.10.06"]
[SourceQuality "1"]
[WhiteTeam "Zelenci LPP"]
[BlackTeam "Komenda DU"]
[WhiteTeamCountry "SLO"]
[BlackTeamCountry "SLO"]

1. e4 e5 2. Nf3 Nc6 3. Bb5 d6 4. d4 exd4 5. Nxd4 Bd7 6. 0-0 Nxd4 7. Bxd7+ Qxd7 8. Qxd4 Nf6 9. c4 Be7 10. Nc3 0-0 11. Bg5 h6 12. Bh4 g5 13. Bg3 Nh5 14. Nd5 c6 15. Nxe7+ Qxe7 16. Bxd6 Rfd8 17. e5 Qe6 18. c5 Nf4 19. Qe4 f5 20. Qf3 Kg7 21. g3 Nh3+ 22. Kg2 g4 23. Qe3 Ng5 24. b3 Qd5+ 25. f3 Nxf3 26. Rxf3 Qxf3+ 27. Qxf3 gxf3+ 28. Kxf3 Re8 29. Kf4 Kg6 30. Re1 Re6 31. Rg1 h5 32. b4 a6 33. h3 a5 34. Rb1 axb4 35. Rxb4 Rxa2 36. Rxb7 Ra4+ 37. Kf3 Re8 38. Bb8 Ra3+ 39. Kf4 Ra4+ 40. Kf3 1/2-1/2

[Event "Ljubljana-chT 63rd 2nd League"]
[Site "Ljubljana"]
[Date "2010.02.11"]
[Round "5.3"]
[White "Lazarevic, Djordje"]
[Black "Hozdic, Idriz"]
[Result "1-0"]
[WhiteElo "1629"]
[BlackElo "1571"]
[PlyCount "99"]
[EventDate "2010.01.07"]
[EventType "team-tourn"]
[EventRounds "9"]
[EventCountry "SLO"]
[SourceTitle "EXT 2022"]
[Source "ChessBase"]
[SourceDate "2021.10.06"]
[SourceVersion "1"]
[SourceVersionDate "2021.10.06"]
[SourceQuality "1"]
[WhiteTeam "Zelenci LPP"]
[BlackTeam "Trzin Trzinka"]
[WhiteTeamCountry "SLO"]
[BlackTeamCountry "SLO"]

1. e4 e5 2. Nf3 d6 3. h3 Nf6 4. d3 Nc6 5. c3 Be6 6. Be2 Be7 7. Nbd2 Qd7 8. Nf1 0-0-0 9. c4 h6 10. a3 g5 11. Ne3 g4 12. hxg4 Nxg4 13. b4 f5 14. Nd5 f4 15. b5 Nb8 16. a4 c6 17. Nxe7+ Qxe7 18. Ba3 Qd7 19. Rc1 c5 20. Qb3 Rdg8 21. a5 Qd8 22. Qc3 Nf6 23. Bb2 Nbd7 24. Qa3 Rxg2 25. b6 a6 26. Qa1 Qg8 27. Bxe5 dxe5 28. Nxe5 Rh7 29. Nf3 Bg4 30. Rf1 h5 31. e5 Ne8 32. d4 Re7 33. dxc5 Bxf3 34. Bxf3 Rxe5+ 35. Kd1 Rg1 36. Be2 Rxf1+ 37. Bxf1 Qe6 38. Qc3 Nxc5 39. Bh3 Rf5 40. Rc2 Nf6 41. f3 Ncd7 42. Qd3 Qe5 43. Bxf5 Qa1+ 44. Ke2 Qxa5 45. c5 Qa4 46. Rd2 Qc6 47. Qd6 Qxd6 48. Rxd6 Kd8 49. c6 bxc6 50. b7 1-0